| 000 | 00829nam a2200277 i 4500 | ||
|---|---|---|---|
| 001 | IT\ICCU\CFI\0991395 | ||
| 003 | ItRI | ||
| 005 | 20260319161719.0 | ||
| 008 | 181102s2018 it |||||| ||||| |||||c | ||
| 015 |
_2IT _a2018-13377 |
||
| 020 | _a9788846752901 | ||
| 040 |
_bita _cArcigay Catania |
||
| 041 | 7 |
_aita _2ISO-639-2 |
|
| 082 |
_a306.768 _223 |
||
| 100 | 1 |
_aBernini, Lorenzo, _d (1973- ) _0IT\ICCU\MODV\628040 _4aut |
|
| 240 | 1 | 0 |
_aApocalissi queer. _9Bernini, Lorenzo <1973- > |
| 245 | 1 | 0 |
_aApocalissi queer : _belementi di teoria antisociale / _cLorenzo Bernini. |
| 250 | _a2. ed | ||
| 260 |
_aPisa : _bETS, _c2018 |
||
| 300 |
_a286 p. : _bill. ; _c21 cm |
||
| 650 | 7 | _aTransessualismo | |
| 830 | 0 |
_aÀltera ; _v8 _0IT\ICCU\CFI\0755998 |
|
| 942 |
_2ddc _cBK _n0 |
||
| 981 | 1 |
_6z01 _ai _bxxxe |
|
| 982 | 1 |
_6z01 _an |
|
| 999 |
_c28926 _d28926 |
||